000
00337 a2200157 4500
001
68441
020
_a
9781108903332
040
_c
Anchieta - Pituba
100
_a
Brook-Hart, Guy
240
1
0
_a
Complete first
_l
eng
245
1
0
_a
Complete first
300
_a
253
362
0
_a
2021
650
4
_a
Inglês e inglês antigo
942
_c
BK
999
_c
68441
_d
68441